Ewige Tabelle der Fußball-Bundesliga: Die ersten 18 (Whammies) - Statistiken

Allgemein
  • Dieses Quiz wurde 563 mal gespielt
  • Das Durchschnittsergebnis liegt bei 15 aus 18
Antwortstatistiken
Verein J P % Korrekt
1. Bayern München 60+ 4149
100%
2. Borussia Dortmund 58+ 3199
99%
6. Hamburger SV 55+ 2733
98%
3. Werder Bremen 60+ 3015
96%
4. VfB Stuttgart 58+ 2888
94%
8. Schalke 04 54 2563
93%
7. Eintracht Frankfurt 56+ 2595
92%
10. 1. FC Köln 52+ 2484
91%
9. Bayer Leverkusen 46+ 2510
90%
5. Borussia Mönchengladbach 57+ 2841
89%
12. Hertha BSC 40 1771
85%
15. 1. FC Nürnberg 33 1318
84%
11. 1. FC Kaiserslautern 44 2094
81%
14. VfL Wolfsburg 28+ 1321
78%
16. Hannover 96 30 1174
76%
18. SC Freiburg 25+ 1059
69%
13. VfL Bochum 38 1509
63%
17. MSV Duisburg 28 1147
46%
Keine übereinstimmenden Quizze gefunden
Verteilung der Resultate
Anzahl Personen mit jedem Resultat
Perzentil nach korrekt beantworteten Fragen
Ihre Resultats-Entwicklung
Sie haben dieses Quiz noch nicht gespielt